Statistics for Fancy Vocabulary #4

Click here to take the quiz!

General Stats

  • This quiz has been taken 5,676 times
  • The average score is 12 of 20

Answer Stats

Definition Answer % Correct
Sudden, unexpectedAbr{upt}
86%
Move like a waveUnd{ulate}
76%
Relating to the sense of smellOl{factory}
75%
Omnipresent, everywhere at onceUbi{quitous}
74%
Forceful or bitter verbal attackDia{tribe}
72%
ProfitableLu{crative}
70%
Principle, theory, positionDoc{trine}
70%
Peculiar behavioural habitQu{irk}
68%
Quandary, predicamentDil{emma}
63%
Lustful, lecherousLasc{ivious}
57%
Young cowHe{ifer}
56%
Throw (someone) out a windowDef{enestrate}
54%
Extremely light, delicateGos{samer}
53%
Mysterious, understood by fewArc{ane}
52%
Short daggerSti{letto}
52%
Mournful poem; lamentEl{egy}
51%
Channel, ductCon{duit}
51%
Steal, thievePur{loin}
48%
Irritable, grumpyFrac{tious}
47%
Very generousMun{ificent}
33%

Score Distribution

Percentile by Number Answered

Percent of People with Each Score

Your Score History

You have not taken this quiz